Od 1. januára 1995 vyššie platy v rozpočtových organizáciách
Text a zdôvodnenie schválenia Nariadenia vlády SR z 29.9.1994 č.279/1994 Z.z., ktorým sa mení Nariadenie vlády SR č.249/1992 Zb. o platových pomeroch zamestnancov v rozpočtových a niektorých ďalších organizáciách a orgánoch a Nariadenie vlády SR č.250/1992 Zb. o platových pomeroch príslušníkov Zboru...
Gespeichert in:
| Format: | Buchkapitel |
|---|---|
| Sprache: | Slowakisch |
| Schlagworte: | |
| Tags: |
Keine Tags, Fügen Sie das erste Tag hinzu!
|
MARC
| LEADER | 00000naa a2200000 4500 | ||
|---|---|---|---|
| 001 | r024010 | ||
| 005 | 20221213113758.0 | ||
| 041 | 0 | |a slo | |
| 044 | |a SK | ||
| 245 | 1 | 0 | |a Od 1. januára 1995 vyššie platy v rozpočtových organizáciách |
| 520 | |a Text a zdôvodnenie schválenia Nariadenia vlády SR z 29.9.1994 č.279/1994 Z.z., ktorým sa mení Nariadenie vlády SR č.249/1992 Zb. o platových pomeroch zamestnancov v rozpočtových a niektorých ďalších organizáciách a orgánoch a Nariadenie vlády SR č.250/1992 Zb. o platových pomeroch príslušníkov Zboru požiarnej ochrany SR. | ||
| 610 | 2 | 0 | |a mzdy |
| 610 | 2 | 0 | |a platy |
| 610 | 2 | 0 | |a organizácie rozpočtové |
| 610 | 2 | 0 | |a dokumenty vládne |
| 610 | 2 | 0 | |a Slovensko |
| 610 | 2 | 0 | |a 1994 |
| 610 | 2 | 0 | |a 1995 |
| 610 | 2 | 0 | |a triedy tarifné |
| 610 | 2 | 0 | |a stupnica mzdová tarifná |
| 610 | 2 | 0 | |a ochrana požiarna |